Sports Quiz

Random Sports or Country Quiz

Formula 1 Grand Prix Host Countries Quiz Stats

 Plays Quiz not verified by Sporcle

Challenge
Share
Tweet
Embed
Score 0/32 Timer 03:00
1 Play Today
% Correct
Canada
96.2%
Germany
96%
Spain
96%
United Kingdom
95.9%
United States of America
95.9%
Brazil
95.8%
Monaco
95.8%
Austria
95.2%
Italy
95.2%
Australia
95%
France
94.9%
Japan
94.8%
Belgium
94.3%
Mexico
94.3%
Malaysia
94.2%
Hungary
93.9%
% Correct
Bahrain
93.4%
China
93.1%
Singapore
93.1%
Russia
91.9%
Portugal
89.4%
Turkey
89.1%
United Arab Emirates
89.1%
India
88.4%
Netherlands
88.1%
South Africa
88.1%
Argentina
85.6%
South Korea
85%
Azerbaijan
84.1%
Sweden
74%
Switzerland
73.4%
Morocco
60.7%

You're not logged in!

Compare scores with friends on all Sporcle quizzes.
OR
Log In

You Might Also Like...

Show Comments

Extras

Top Quizzes Today


Score Distribution

Your Account Isn't Verified!

In order to create a playlist on Sporcle, you need to verify the email address you used during registration. Go to your Sporcle Settings to finish the process.

Report this User

Report this user for behavior that violates our Community Guidelines.

Details: